[Event "Elit(Kamraterna-Manhem)"]
[Site "?"]
[Date "2008.01.12"]
[Round "6"]
[White "Svenn, Gosta"]
[Black "Sagit, Rauan"]
[Result "1/2-1/2"]
[WhiteElo "2358"]
[BlackElo "2344"]
[PlyCount "97"]
[EventDate "2008.??.??"]

1. d4 Nf6 2. c4 e6 3. Nf3 b6 4. a3 Bb7 5. Nc3 d5 6. cxd5 Nxd5 7. Qc2 Nxc3 8.
bxc3 Be7 9. e4 O-O 10. Bd3 c5 11. O-O Qc8 12. Qe2 Ba6 13. Bf4 Bxd3 14. Qxd3 Rd8
15. Rfd1 Qa6 16. Qe3 cxd4 17. cxd4 Nd7 18. e5 Rdc8 19. d5 Bc5 20. Qe4 Nf8 21.
Ng5 h6 22. dxe6 fxe6 23. Nf3 Rd8 24. a4 Rac8 25. h3 Be7 26. Rxd8 Rxd8 27. Rc1
Bc5 28. Qc2 Qd3 29. a5 Qxc2 30. Rxc2 Rd1+ 31. Kh2 Rd5 32. axb6 axb6 33. Be3 Nd7
34. Bxc5 bxc5 35. Re2 Kf7 36. Kg3 c4 37. Rc2 Nb6 38. Kf4 Rc5 39. Ke4 c3 40. Nd4
Na4 41. Ne2 g5 42. g3 Ke7 43. f4 gxf4 44. gxf4 Rc4+ 45. Kd3 Nb2+ 46. Ke3 Nd1+
47. Kd3 Nb2+ 48. Ke3 Nd1+ 49. Kd3 1/2-1/2

[Event "Elit(Kamraterna-Manhem)"]
[Site "?"]
[Date "2008.01.12"]
[Round "6"]
[White "Andersson, Bjorn"]
[Black "Hamark, Jesper"]
[Result "1/2-1/2"]
[WhiteElo "2334"]
[BlackElo "2380"]
[PlyCount "55"]
[EventDate "2008.??.??"]

1. e4 e5 2. Nf3 Nc6 3. Bc4 Nf6 4. d3 Be7 5. Bb3 O-O 6. O-O d6 7. c3 Na5 8. Bc2
c5 9. a3 Nc6 10. b4 a6 11. h3 Qc7 12. Nbd2 d5 13. Bb2 dxe4 14. dxe4 b5 15. bxc5
Bxc5 16. c4 Rd8 17. Qc1 Nd4 18. Bd1 b4 19. axb4 Bxb4 20. Nxd4 exd4 21. Bf3 Rb8
22. Nb3 Bd6 23. Nxd4 Be5 24. Rd1 Qb6 25. Nb3 Rxd1+ 26. Bxd1 Bxb2 27. Qxb2 Qb4
28. Qe5 1/2-1/2

[Event "Elit(Kamraterna-Manhem)"]
[Site "?"]
[Date "2008.01.12"]
[Round "6"]
[White "Madebrink, Lars"]
[Black "Schneider, Lars-Ake"]
[Result "0-1"]
[WhiteElo "2259"]
[BlackElo "2336"]
[PlyCount "60"]
[EventDate "2008.??.??"]

1. c4 c5 2. Nc3 Nc6 3. Nf3 e5 4. e3 Nf6 5. d4 cxd4 6. exd4 e4 7. Ne5 d6 8. Nxc6
bxc6 9. Be2 Be7 10. O-O O-O 11. f3 d5 12. fxe4 Nxe4 13. Bd3 Bf6 14. Be3 Re8 15.
Qf3 Ba6 16. Rae1 Nd6 17. b3 dxc4 18. Be2 Rxe3 19. Qxe3 Nf5 20. Qe4 Bxd4+ 21.
Kh1 Bxc3 22. Rd1 Nd4 23. bxc4 Qe8 24. Qd3 Qxe2 25. Qxc3 Qxc4 26. Qe3 c5 27.
Rfe1 Rf8 28. Qa3 Nc2 29. Qa5 Nxe1 30. Rxe1 Qb4 0-1

[Event "Elit(Kamraterna-Manhem)"]
[Site "?"]
[Date "2008.01.12"]
[Round "6"]
[White "Moberg, Karl Johan"]
[Black "Svenn, Matti"]
[Result "1-0"]
[WhiteElo "2305"]
[BlackElo "2246"]
[PlyCount "107"]
[EventDate "2008.??.??"]

1. d4 Nf6 2. c4 g6 3. Nc3 Bg7 4. e4 d6 5. Nf3 O-O 6. Be2 e5 7. d5 Na6 8. Nd2 c6
9. a3 Nc7 10. b4 Nfe8 11. Nb3 f5 12. Na5 cxd5 13. cxd5 Nf6 14. O-O Nce8 15. f3
f4 16. Bd2 g5 17. Rc1 h5 18. Be1 Rf7 19. Kh1 Bf8 20. Bf2 g4 21. Bh4 Be7 22. Bf2
Rg7 23. Re1 Nh7 24. Bf1 Bh4 25. Qd2 Bxf2 26. Qxf2 g3 27. Qg1 Qh4 28. Re2 Rb8
29. Rec2 Bd7 30. Bb5 Ng5 31. Bxd7 Rxd7 32. Nb5 a6 33. Nc7 Ng7 34. b5 axb5 35.
Nxb5 Kh7 36. Rc8 Rxc8 37. Rxc8 Nf7 38. Rc2 Ne8 39. Nc4 Nf6 40. Nb6 Rd8 41. Rc7
Kg6 42. Nc8 Ng8 43. h3 Rxc8 44. Rxc8 Nf6 45. Qf1 Nd7 46. Re8 Nc5 47. Rc8 Qe7
48. Rc7 Qd8 49. Qc4 b6 50. Rc6 Kg5 51. Qc3 Kh4 52. Nxd6 Nxd6 53. Qxe5 Qg5 54.
Qxg5+ 1-0

[Event "Elit(Kamraterna-Manhem)"]
[Site "?"]
[Date "2008.01.12"]
[Round "6"]
[White "Haggstrom, Olle"]
[Black "Vas, Peter"]
[Result "1/2-1/2"]
[WhiteElo "2239"]
[BlackElo "2209"]
[PlyCount "51"]
[EventDate "2008.??.??"]

1. e4 e5 2. Nf3 Nf6 3. Nxe5 d6 4. Nf3 Nxe4 5. Bd3 Nc5 6. Be2 d5 7. d4 Ne4 8.
O-O Bd6 9. c4 c6 10. Nc3 Nxc3 11. bxc3 O-O 12. Qb3 dxc4 13. Bxc4 b5 14. Bd3 Bg4
15. Ng5 h6 16. Ne4 Bf5 17. Qc2 Re8 18. Nf6+ Qxf6 19. Bxf5 Na6 20. Bd3 Nc7 21.
Bd2 Nd5 22. Rfe1 Bf4 23. Rxe8+ Rxe8 24. Re1 Re6 25. Rxe6 Qxe6 26. g3 1/2-1/2

[Event "Elit(LASK-Limhamn)"]
[Site "?"]
[Date "2008.01.12"]
[Round "6"]
[White "Ahlander, Bjorn"]
[Black "Olsson, Linus"]
[Result "0-1"]
[WhiteElo "2534"]
[BlackElo "2465"]
[PlyCount "68"]
[EventDate "2008.??.??"]

1. d4 d5 2. c4 Nc6 3. Nc3 dxc4 4. d5 Ne5 5. Qd4 Ng6 6. e4 e5 7. Qxc4 a6 8. g3
Bd6 9. h4 h6 10. h5 N6e7 11. Bh3 Nf6 12. Qe2 c6 13. dxc6 Nxc6 14. Be3 Nd4 15.
Qd3 O-O 16. O-O-O Qa5 17. Kb1 Bb4 18. Bxc8 Raxc8 19. Bxd4 exd4 20. Nce2 Ng4 21.
Nh3 Ne5 22. Qxd4 Nf3 23. Qe3 Nd2+ 24. Ka1 Rc2 25. Qd3 Rfc8 26. Rc1 Rxc1+ 27.
Nxc1 Qxh5 28. f4 Qxh3 29. Rd1 Qg4 30. Ne2 Qf3 31. Qd7 Rf8 32. Rxd2 Bxd2 33.
Qxd2 Qxe4 34. a3 Re8 0-1

[Event "Elit(LASK-Limhamn)"]
[Site "?"]
[Date "2008.01.12"]
[Round "6"]
[White "Smith, Axel"]
[Black "Schneider, Stefan"]
[Result "1-0"]
[WhiteElo "2463"]
[BlackElo "2453"]
[PlyCount "63"]
[EventDate "2008.??.??"]

1. e4 e6 2. d4 d5 3. Nc3 Bb4 4. e5 c5 5. a3 Bxc3+ 6. bxc3 Ne7 7. Qg4 O-O 8. Bd3
Nbc6 9. Qh5 Ng6 10. Nf3 Qc7 11. Be3 c4 12. Bxg6 fxg6 13. Qg4 Qe7 14. h4 Rf5 15.
Ng1 Bd7 16. Ne2 Be8 17. Ng3 Rf8 18. h5 gxh5 19. Nxh5 Bg6 20. Kd2 b5 21. Nf4 Bf5
22. Qh5 a5 23. g4 Be4 24. f3 g5 25. Nh3 Rxf3 26. Nxg5 Bg6 27. Nxf3 Bxh5 28.
gxh5 Kf8 29. Rhg1 Ra7 30. Bh6+ Ke8 31. Rg8+ Kd7 32. Rg7 1-0

[Event "Elit(LASK-Limhamn)"]
[Site "?"]
[Date "2008.01.12"]
[Round "6"]
[White "Brynell, Stellan"]
[Black "Bejtovic, Jasmin"]
[Result "0-1"]
[WhiteElo "2602"]
[BlackElo "2404"]
[PlyCount "52"]
[EventDate "2008.??.??"]

1. d4 Nf6 2. c4 g6 3. Nf3 Bg7 4. g3 O-O 5. Bg2 c5 6. O-O d6 7. Nc3 Nc6 8. dxc5
dxc5 9. Be3 Be6 10. Qa4 Nd7 11. Rfd1 h6 12. Nd5 Re8 13. Rd2 Qa5 14. Qb5 Nb6 15.
Nc7 Nxc4 16. Qxb7 Nd4 17. Nxa8 Nxf3+ 18. Bxf3 Nxd2 19. Bxd2 Qxd2 20. Nc7 Bc8
21. Qxa7 Bxb2 22. Rb1 Rd8 23. Nd5 Bh3 24. Qxc5 e6 25. Ne3 Bd4 26. Qa3 Bxe3 0-1

[Event "Elit(LASK-Limhamn)"]
[Site "?"]
[Date "2008.01.12"]
[Round "6"]
[White "Dragicevic, Drazen"]
[Black "Jepson, Christian"]
[Result "1-0"]
[WhiteElo "2348"]
[BlackElo "2438"]
[PlyCount "80"]
[EventDate "2008.??.??"]

1. e4 e6 2. d4 d5 3. Nd2 c5 4. Ngf3 cxd4 5. Nxd4 Nf6 6. e5 Nfd7 7. f4 Nxe5 8.
Nxe6 Bxe6 9. fxe5 Qh4+ 10. g3 Qd4 11. Nf3 Qxd1+ 12. Kxd1 Nc6 13. Bg2 O-O-O 14.
Bg5 Rd7 15. Bf4 h6 16. h4 Bc5 17. a3 Bb6 18. Kd2 Re8 19. Rad1 Bf5 20. Kc1 d4
21. Bh3 Bxh3 22. Rxh3 Bc7 23. Rhh1 Bxe5 24. Bxe5 Nxe5 25. Nxd4 Red8 26. c3 Ng4
27. Rd2 h5 28. Re2 Rc7 29. Kb1 a6 30. Rhe1 Rcd7 31. Rf1 g6 32. Re4 Kb8 33. a4
Rc8 34. Nf3 Rcd8 35. Nd4 Rc8 36. Ka2 Rcd8 37. b4 Rc8 38. Kb3 Rdc7 39. Rc1 Nh2
40. Re3 Ng4 1-0

[Event "Elit(LASK-Limhamn)"]
[Site "?"]
[Date "2008.01.12"]
[Round "6"]
[White "Tadjerbashi, Amir"]
[Black "Nilsson, Sebastian"]
[Result "1/2-1/2"]
[WhiteElo "2259"]
[BlackElo "2271"]
[PlyCount "75"]
[EventDate "2008.??.??"]

1. e4 e6 2. d4 d5 3. Nc3 Bb4 4. Nge2 dxe4 5. a3 Be7 6. g4 h5 7. gxh5 Nf6 8. Bg5
Bd7 9. Qd2 Bc6 10. Rg1 Nbd7 11. Ng3 Nxh5 12. Ngxe4 Ndf6 13. f3 Qd7 14. O-O-O
O-O-O 15. Qf2 Kb8 16. Nc5 Qe8 17. Nd3 Nd5 18. Nxd5 Bxg5+ 19. Rxg5 Rxd5 20. f4
f6 21. Rxd5 Bxd5 22. Bg2 Qc6 23. Nb4 Qd6 24. Bxd5 exd5 25. Nd3 g6 26. Re1 a6
27. Qh4 Qd8 28. Qg4 Re8 29. Qg1 Re4 30. Rxe4 dxe4 31. Qxg6 exd3 32. Qxh5 Qxd4
33. cxd3 Qxf4+ 34. Kc2 Qf2+ 35. Kc3 Qe1+ 36. Kc2 Qf2+ 37. Kc3 Qe1+ 38. Kc2
1/2-1/2

[Event "Elit(LASK-Limhamn)"]
[Site "?"]
[Date "2008.01.12"]
[Round "6"]
[White "Riis, Jens"]
[Black "Penalver, Osmani"]
[Result "1-0"]
[WhiteElo "2287"]
[BlackElo "2280"]
[PlyCount "99"]
[EventDate "2008.??.??"]

1. d4 Nf6 2. Nf3 e6 3. Bf4 c5 4. c3 Nc6 5. e3 Be7 6. h3 O-O 7. Nbd2 d5 8. Bd3
Re8 9. Ne5 Nxe5 10. dxe5 Nd7 11. O-O Nf8 12. Re1 Bd7 13. e4 Bc6 14. exd5 Qxd5
15. Be4 Qd7 16. Nc4 Qxd1 17. Raxd1 Bxe4 18. Rxe4 Red8 19. Nd6 Rd7 20. Be3 b6
21. b4 cxb4 22. cxb4 Rad8 23. Red4 Bxd6 24. exd6 f6 25. a4 Kf7 26. a5 bxa5 27.
bxa5 e5 28. Rc4 Ne6 29. Rc6 Rb8 30. Ra6 Rbb7 31. Rc1 f5 32. f3 Kf6 33. Rc8 Nd4
34. Kh2 Ke6 35. f4 Kd5 36. fxe5 Ne6 37. Ra8 f4 38. Bxa7 Kxe5 39. Bg1 f3 40. Rb6
Rxb6 41. Bxb6 Rxd6 42. gxf3 Kf4 43. Kg2 Rd2+ 44. Bf2 Ke5 45. Kg3 g5 46. a6 Nc7
47. Rh8 Nxa6 48. Rxh7 Nb4 49. Be1 Rb2 50. Bc3+ 1-0

[Event "Elit(LASK-Limhamn)"]
[Site "?"]
[Date "2008.01.12"]
[Round "6"]
[White "Eklund, Joel"]
[Black "Johnson, Bjorn"]
[Result "0-1"]
[WhiteElo "2249"]
[BlackElo "2288"]
[PlyCount "114"]
[EventDate "2008.??.??"]

1. d4 e6 2. c4 f5 3. Nc3 d5 4. e3 c6 5. Bd3 Bd6 6. Nge2 Qf6 7. Qc2 Ne7 8. Bd2
O-O 9. O-O-O Kh8 10. f3 Na6 11. e4 Nb4 12. e5 Qf7 13. exd6 Nxc2 14. dxe7 Qxe7
15. Kxc2 dxc4 16. Bxc4 e5 17. dxe5 b5 18. Bd3 Qxe5 19. Bf4 Qf6 20. h4 Be6 21.
Kb1 h6 22. Be3 Rfe8 23. Bd4 Qf7 24. Nf4 Rad8 25. Nxe6 Rxe6 26. Bc2 Red6 27. Be5
Rxd1+ 28. Rxd1 Rxd1+ 29. Nxd1 Qh5 30. b3 Qxh4 31. f4 Qh1 32. Kb2 Qg1 33. b4 h5
34. a3 h4 35. Bc3 Kg8 36. Bb3+ Kh7 37. Bc2 g6 38. Bf6 c5 39. Bxh4 Qd4+ 40. Kb1
cxb4 41. Be7 bxa3 42. Bxa3 Qxf4 43. Bc1 Qb4+ 44. Ka2 Qe1 45. Kb1 a5 46. Ne3
Qb4+ 47. Ka2 Qc5 48. Kb1 a4 49. g3 Qb4+ 50. Ka2 Qe1 51. Kb1 a3 52. Bb3 Qxg3 53.
Ka2 Qe1 54. Kb1 Qc3 55. Ba2 b4 56. Nd5 Qd3+ 57. Ka1 Qc2 0-1

[Event "Elit(LASK-Limhamn)"]
[Site "?"]
[Date "2008.01.12"]
[Round "6"]
[White "Gajic, Mladen"]
[Black "Nylen, Anders"]
[Result "1-0"]
[WhiteElo "2220"]
[BlackElo "2238"]
[PlyCount "79"]
[EventDate "2008.??.??"]

1. e4 c5 2. c3 Nf6 3. e5 Nd5 4. d4 cxd4 5. Nf3 b6 6. Ng5 Qc7 7. Nxf7 Kxf7 8.
Qf3+ Ke8 9. Qxd5 Bb7 10. Qxd4 Nc6 11. Qg4 Qxe5+ 12. Be3 e6 13. Nd2 Qf5 14. Qg3
Qe5 15. f4 Qf5 16. Be2 h5 17. Qf2 Kd8 18. Bf3 Kc7 19. b4 Bd6 20. O-O Raf8 21.
Nc4 Be7 22. a4 g5 23. fxg5 Qd3 24. Be2 Qe4 25. Qg3+ d6 26. h4 e5 27. b5 Nd8 28.
a5 Ne6 29. axb6+ axb6 30. Bd3 Qd5 31. Bxb6+ Kb8 32. Ba7+ Kc7 33. Rfd1 Rf4 34.
Ne3 Rg4 35. Nxd5+ Bxd5 36. b6+ Kc6 37. Bb5+ Kb7 38. Qxg4 hxg4 39. Rxd5 Nf4 40.
Rd2 1-0

[Event "Elit(LASK-Astorp)"]
[Site "?"]
[Date "2008.02.02"]
[Round "7"]
[White "Tairi, Faruk"]
[Black "Lund, Esben"]
[Result "1/2-1/2"]
[WhiteElo "2461"]
[BlackElo "2474"]
[PlyCount "52"]
[SourceDate "2008.02.11"]

1. e4 e5 2. Nf3 Nc6 3. d4 exd4 4. Bc4 Nf6 5. e5 Ng4 6. O-O d6 7. exd6 Bxd6 8.
Re1+ Kf8 9. h3 Nge5 10. Bb3 Qf6 11. Nbd2 Nxf3+ 12. Nxf3 h6 13. c3 dxc3 14. bxc3
Bf5 15. Qe2 Qxc3 16. Bd2 Qd3 17. Qd1 Re8 18. Rxe8+ Kxe8 19. Rc1 Nd4 20. Nxd4
Qxd4 21. Rc4 Qd3 22. Rc3 Qb1 23. Rc1 Qe4 24. Rc4 Qb1 25. Rc1 Qe4 26. Rc4 Qb1
1/2-1/2

[Event "Elit(LASK-Astorp)"]
[Site "?"]
[Date "2008.02.02"]
[Round "7"]
[White "Tikkanen, Hans"]
[Black "Ivarsson, Stefan"]
[Result "1/2-1/2"]
[WhiteElo "2497"]
[BlackElo "2311"]
[PlyCount "92"]

1. d4 f5 2. Nc3 d5 3. Bg5 c6 4. e3 g6 5. Nf3 Bg7 6. Bd3 Nf6 7. Bf4 Nbd7 8. Ng5
Nf8 9. h4 e6 10. Ne2 Qe7 11. Nf3 N8d7 12. c4 Ne4 13. Qb3 Bf6 14. a3 h6 15. Ne5
Nxe5 16. Bxe5 Bxe5 17. dxe5 Nc5 18. Qc3 Nxd3+ 19. Qxd3 Kf7 20. Rc1 Bd7 21. c5
b6 22. Qd4 Rhb8 23. b4 bxc5 24. Rxc5 a5 25. O-O axb4 26. axb4 Rb7 27. Nc1 Ra4
28. Nd3 Rba7 29. g3 Ra3 30. Rc3 Be8 31. Rxa3 Rxa3 32. Ra1 Rxa1+ 33. Qxa1 g5 34.
hxg5 hxg5 35. Qa8 Qc7 36. Qa5 Qb8 37. Nc5 Qxe5 38. Qa7+ Kf8 39. Qh7 Qf6 40. Qc7
e5 41. Nd3 e4 42. Nc5 Kg8 43. Nb3 f4 44. gxf4 gxf4 45. Qxf4 Qxf4 46. exf4 Kf7
1/2-1/2

[Event "Elit(LASK-Astorp)"]
[Site "?"]
[Date "2008.02.02"]
[Round "7"]
[White "Tallinger, Thomas"]
[Black "Smith, Axel"]
[Result "1-0"]
[WhiteElo "2203"]
[BlackElo "2463"]
[PlyCount "81"]

1. e4 c5 2. Nf3 Nc6 3. d4 cxd4 4. Nxd4 Nf6 5. Nc3 e5 6. Ndb5 d6 7. Bg5 a6 8.
Na3 b5 9. Bxf6 gxf6 10. Nd5 f5 11. Bd3 Be6 12. Qh5 Rg8 13. c3 Rc8 14. Nc2 Rxg2
15. Nce3 Rg5 16. Qxh7 f4 17. Nc2 Rg7 18. Qh8 Bxd5 19. exd5 Ne7 20. a4 Nxd5 21.
axb5 axb5 22. Bxb5+ Ke7 23. Qh4+ f6 24. Qh3 Rc5 25. Ra8 Rxb5 26. Rxd8 Kxd8 27.
Kd2 Rxb2 28. Ra1 Nc7 29. Qf5 Be7 30. h4 Rg2 31. Ke2 d5 32. Rf1 Nb5 33. Kd2 Na3
34. h5 Rxc2+ 35. Kd1 Rcxf2 36. Rxf2 Rxf2 37. Qh3 Bf8 38. Qh4 Rf1+ 39. Ke2 Rg1
40. Qxf6+ Be7 41. Qb6+ 1-0

[Event "Elit(LASK-Astorp)"]
[Site "?"]
[Date "2008.02.02"]
[Round "7"]
[White "Olsson, Linus"]
[Black "Petersson, Gosta"]
[Result "0-1"]
[WhiteElo "2465"]
[BlackElo "2242"]
[PlyCount "56"]
[SourceDate "2008.02.11"]

1. Nf3 d5 2. d4 Bf5 3. c4 Bxb1 4. Rxb1 c6 5. Qc2 Nf6 6. e3 e6 7. Bd2 Bd6 8. Bd3
Nbd7 9. O-O O-O 10. Bc3 Re8 11. Ne5 g6 12. f4 c5 13. Rf3 Rc8 14. cxd5 exd5 15.
f5 g5 16. Nxd7 Qxd7 17. dxc5 Rxc5 18. Qd2 Ne4 19. Bxe4 dxe4 20. Qd4 Rxc3 21.
Rg3 Rd3 22. Rxg5+ Kf8 23. Qf6 Be5 24. Qh6+ Ke7 25. Rf1 Bf6 26. Rg4 Qc6 27. h3
Red8 28. Rff4 Rxe3 0-1

[Event "Elit(LASK-Astorp)"]
[Site "?"]
[Date "2008.02.11"]
[Round "7"]
[White "Fagerstrom, Bjorn"]
[Black "Semcesen, Daniel"]
[Result "0-1"]
[WhiteElo "2197"]
[BlackElo "2413"]
[PlyCount "62"]
[EventDate "2008.??.??"]

1. d4 d5 2. Nf3 Nf6 3. e3 Bg4 4. b3 c5 5. Bb2 Nc6 6. Bd3 e6 7. O-O cxd4 8. exd4
Bd6 9. Nbd2 Qc7 10. h3 Bh5 11. a3 O-O 12. Qe1 Nd7 13. c4 Rae8 14. Qb1 Bg6 15.
c5 Bf4 16. b4 a6 17. Bxg6 hxg6 18. Qd3 Re7 19. Bc3 Rd8 20. a4 e5 21. dxe5 d4
22. Bxd4 Ndxe5 23. Bxe5 Bxe5 24. Qc4 Bxa1 25. Rxa1 Ne5 26. Qc2 Nd3 27. Qc3 Re2
28. Nc4 Nxf2 29. Nfe5 Nd1 30. Qf3 Re1+ 31. Kh2 Rxe5 0-1

[Event "Elit(LASK-Astorp)"]
[Site "?"]
[Date "2008.02.02"]
[Round "7"]
[White "Bejtovic, Jasmin"]
[Black "Bengtsson, Jan"]
[Result "1-0"]
[WhiteElo "2404"]
[BlackElo "2019"]
[PlyCount "117"]

1. e4 c6 2. d4 d5 3. Nc3 dxe4 4. Nxe4 Bf5 5. Ng3 Bg6 6. h4 h6 7. Nf3 Nd7 8. h5
Bh7 9. Bd3 Bxd3 10. Qxd3 e6 11. Bd2 Ngf6 12. O-O-O Qc7 13. Kb1 Bd6 14. Ne4 Nxe4
15. Qxe4 Nf6 16. Qe2 O-O-O 17. Ne5 Kb8 18. c4 c5 19. Bc3 Bxe5 20. dxe5 Nd7 21.
Qg4 Rhg8 22. Rd6 Nb6 23. Rhd1 Nc8 24. Rxd8 Rxd8 25. Kc2 Rxd1 26. Qxd1 Qe7 27.
Qg4 Qf8 28. Qe4 Qd8 29. Bd2 Ne7 30. Qd3 Kc8 31. Qxd8+ Kxd8 32. Kd3 Nc6 33. Ke4
Ke7 34. g4 f6 35. exf6+ Kxf6 36. f4 b6 37. g5+ hxg5 38. fxg5+ Kf7 39. Bc3 Kg8
40. Be5 Kf7 41. g6+ Kg8 42. Bd6 Kh8 43. a3 Na5 44. Kd3 Nc6 45. Kc3 Kg8 46. b3
e5 47. Kd3 Na5 48. Bxe5 Nxb3 49. Bb8 a6 50. a4 Nd4 51. Bc7 b5 52. cxb5 axb5 53.
a5 Nc6 54. Kc3 Nb4 55. Bd6 Nd5+ 56. Kd2 c4 57. a6 Nb6 58. a7 Na8 59. Kc3 1-0

[Event "Elit(LASK-Astorp)"]
[Site "?"]
[Date "2008.02.02"]
[Round "7"]
[White "Josefsson, Kenneth"]
[Black "Dragicevic, Drazen"]
[Result "0-1"]
[WhiteElo "1971"]
[BlackElo "2348"]
[PlyCount "78"]

1. e3 Nf6 2. Nf3 g6 3. d4 Bg7 4. Be2 d5 5. c4 O-O 6. Nc3 c5 7. O-O cxd4 8. Nxd4
dxc4 9. Bxc4 a6 10. a4 Qc7 11. Nd5 Nxd5 12. Bxd5 Rd8 13. Qf3 e6 14. Ba2 Bd7 15.
Bd2 Nc6 16. Rac1 Nxd4 17. exd4 Qb6 18. Bg5 Re8 19. d5 Bxa4 20. Bf6 exd5 21.
Bxg7 Kxg7 22. Bxd5 Re7 23. b3 Bb5 24. Rfe1 Rae8 25. Rxe7 Rxe7 26. h4 Be2 27.
Qc3+ Qf6 28. Qxf6+ Kxf6 29. Re1 b6 30. Rc1 Bb5 31. Bf3 Rd7 32. g4 Rd3 33. Bd1
Ke5 34. Bc2 Rc3 35. Re1+ Kf4 36. g5 Rxc2 37. Re7 Rc1+ 38. Kh2 Bc6 39. Rxf7+ Kg4
0-1

[Event "Elit(Limhamn-Manhem)"]
[Site "?"]
[Date "2008.02.02"]
[Round "7"]
[White "Sagit, Rauan"]
[Black "Brynell, Stellan"]
[Result "1/2-1/2"]
[WhiteElo "2344"]
[BlackElo "2602"]
[PlyCount "158"]

1. e4 e6 2. d4 d5 3. Nd2 c5 4. Ngf3 a6 5. exd5 exd5 6. dxc5 Bxc5 7. Nb3 Bb6 8.
Be2 Nf6 9. O-O O-O 10. c4 dxc4 11. Qxd8 Rxd8 12. Bxc4 Nc6 13. h3 h6 14. Re1 Bf5
15. Be3 Bxe3 16. Rxe3 Nd5 17. Bxd5 Rxd5 18. Rc1 Rc8 19. Rec3 Re8 20. a3 Re2 21.
Nc5 Rxb2 22. Nxb7 Nd4 23. Nxd4 Rxd4 24. Nc5 a5 25. Rf3 Bg6 26. Rb3 Ra2 27. Re1
Kh7 28. Rf3 h5 29. g3 h4 30. g4 Rd5 31. Na4 Rd3 32. Rxd3 Bxd3 33. Nc5 Rxa3 34.
f4 Bb5 35. Rb1 Bc4 36. Ne4 Bd5 37. Ng5+ Kg6 38. Rb5 Rd3 39. Rxa5 f6 40. Ra6 Rd4
41. Rd6 Rxf4 42. Rxd5 fxg5 43. Rd3 Kf6 44. Rd6+ Ke5 45. Rd3 Rd4 46. Rf3 Ke4 47.
Rf7 Rd3 48. Kg2 Rd2+ 49. Kg1 Re2 50. Rf5 Re3 51. Kg2 Rg3+ 52. Kh2 Rd3 53. Kg2
Rd2+ 54. Kg1 Rd5 55. Rf7 Ke3 56. Kg2 Rd2+ 57. Kg1 Rc2 58. Rf5 Ke4 59. Rf7 g6
60. Rf6 Rd2 61. Rf8 Rd3 62. Kg2 Rg3+ 63. Kh2 Rf3 64. Re8+ Kf4 65. Rf8+ Ke3 66.
Re8+ Kf4 67. Rf8+ Ke4 68. Re8+ Kd5 69. Re7 Rf2+ 70. Kg1 Rf6 71. Kg2 Re6 72. Rf7
Re2+ 73. Kg1 Ke6 74. Rf8 Rb2 75. Rf3 Ke5 76. Rf8 Ke4 77. Rf7 Ke3 78. Rf8 Rb1+
79. Kg2 Rb2+ 1/2-1/2

[Event "Elit(Limhamn-Manhem)"]
[Site "?"]
[Date "2008.02.02"]
[Round "7"]
[White "Hector, Jonny"]
[Black "Nithander, Victor"]
[Result "1/2-1/2"]
[WhiteElo "2620"]
[BlackElo "2404"]
[PlyCount "109"]

1. d4 Nf6 2. Nc3 d5 3. Bg5 Nbd7 4. Qd3 c6 5. Nf3 h6 6. Bh4 Qa5 7. a3 e6 8. Nd2
Bd6 9. e4 e5 10. exd5 cxd5 11. Qb5 Qxb5 12. Bxb5 exd4 13. Bxf6 dxc3 14. Bxc3
O-O 15. O-O-O Nb6 16. Bd4 Be6 17. Nf1 Rfd8 18. Ne3 Nc4 19. Bxc4 dxc4 20. g3 b6
21. f4 f6 22. Rd2 Bc7 23. Re1 Rd7 24. c3 Rad8 25. Rde2 Kf8 26. Rf2 Re8 27. Rg1
Bf7 28. Nf5 Bg6 29. Nh4 Bd3 30. Rd1 Kf7 31. a4 Rde7 32. Ng2 Re2 33. Rxe2 Rxe2
34. Rd2 Re7 35. Ne3 Bd6 36. b3 Rc7 37. Kb2 Bf8 38. f5 Rc6 39. g4 Rc8 40. a5
bxa5 41. Bxa7 a4 42. bxc4 Bxc4 43. Nxc4 Rxc4 44. Bd4 Rc8 45. Ka2 Bc5 46. Rb2
Bxd4 47. Rb7+ Kf8 48. cxd4 Rc4 49. Rd7 Ke8 50. Rxg7 Rxd4 51. Ka3 Kf8 52. Rg6
Kf7 53. h4 Rf4 54. h5 Re4 55. Kb2 1/2-1/2

[Event "Elit(Limhamn-Manhem)"]
[Site "?"]
[Date "2008.02.02"]
[Round "7"]
[White "Akesson, Joel"]
[Black "Ahlander, Bjorn"]
[Result "1-0"]
[WhiteElo "2351"]
[BlackElo "2534"]
[PlyCount "87"]

1. d4 Nf6 2. c4 e6 3. Nf3 d5 4. Bg5 Be7 5. Nc3 O-O 6. e3 h6 7. Bh4 b6 8. Rc1
Bb7 9. Bxf6 Bxf6 10. cxd5 exd5 11. Bd3 c5 12. O-O Nd7 13. Bf5 g6 14. Bxd7 Qxd7
15. dxc5 bxc5 16. Na4 c4 17. Nd4 Rfe8 18. b3 Rac8 19. Qd2 Re5 20. Rfd1 Rh5 21.
Nc3 Qc7 22. f4 Re8 23. Nce2 Qe7 24. Ng3 Rh4 25. Re1 Qc5 26. Kh1 Rg4 27. Qf2 Bc8
28. h3 Rh4 29. Qf1 Bb7 30. Rcd1 c3 31. Rc1 Rxe3 32. Rxe3 Bxd4 33. Re8+ Kg7 34.
Qe1 Bf6 35. Nf5+ Kh7 36. Nxh4 d4 37. f5 g5 38. Nf3 d3 39. Re3 d2 40. Nxd2 cxd2
41. Qxd2 Qb6 42. Re6 fxe6 43. Qd7+ Bg7 44. Rc7 1-0

[Event "Elit(Limhamn-Manhem)"]
[Site "?"]
[Date "2008.02.02"]
[Round "7"]
[White "Jepson, Christian"]
[Black "Schneider, Lars-Ake"]
[Result "1/2-1/2"]
[WhiteElo "2438"]
[BlackElo "2336"]
[PlyCount "83"]

1. d4 Nf6 2. c4 e6 3. g3 d5 4. Bg2 dxc4 5. Nf3 Nbd7 6. O-O c5 7. Na3 Nb6 8.
Nxc4 Nxc4 9. Qa4+ Bd7 10. Qxc4 Qb6 11. dxc5 Bxc5 12. b4 Qxb4 13. Qxb4 Bxb4 14.
Rb1 a5 15. Ne5 O-O 16. a3 Bc5 17. Nxd7 Nxd7 18. Rxb7 Ra7 19. Rxa7 Bxa7 20. Bd2
Bc5 21. a4 Nb6 22. Bxa5 Nxa4 23. Ra1 Nb6 24. Rc1 Nd7 25. Bc6 Rc8 26. Bxd7 Bxf2+
27. Kxf2 Rxc1 28. Be1 h6 29. Bb5 Rb1 30. Bd3 Ra1 31. h4 Rc1 32. Bd2 Rd1 33. Bf4
Ra1 34. Be3 Ra3 35. Bd2 Ra2 36. Be3 Ra3 37. Bc5 Rc3 38. Bb4 Rb3 39. Bd6 Rb6 40.
Bc5 Rc6 41. Be3 Rc3 42. Bd2 1/2-1/2

[Event "Elit(Limhamn-Manhem)"]
[Site "?"]
[Date "2008.02.02"]
[Round "7"]
[White "Andersson, Bjorn"]
[Black "Schneider, Stefan"]
[Result "1/2-1/2"]
[WhiteElo "2334"]
[BlackElo "2453"]
[PlyCount "114"]
[SourceDate "2008.02.12"]

1. e4 e6 2. d4 d5 3. e5 c5 4. c3 Qb6 5. Nf3 Bd7 6. Be2 cxd4 7. Nxd4 Nc6 8. Nxc6
bxc6 9. O-O f6 10. Bd3 g6 11. Qe2 Bg7 12. Be3 Qc7 13. exf6 Nxf6 14. Bd4 O-O 15.
Nd2 Nh5 16. Bxg7 Nf4 17. Qe5 Qxe5 18. Bxe5 Nxd3 19. Bd6 Rfe8 20. b4 e5 21. Nb3
Bf5 22. f3 h5 23. Nc5 Nb2 24. Nb3 g5 25. Rf2 Nc4 26. Bc5 Re6 27. Re1 Kh7 28. g3
Kg6 29. a4 g4 30. fxg4 hxg4 31. a5 Be4 32. Nd2 Nxd2 33. Rxd2 Bf3 34. Bd4 Kf5
35. Bc5 a6 36. Rd3 Rh8 37. h4 Rd8 38. Rde3 Rde8 39. Kf2 Kg6 40. Kg1 Be4 41. Rf1
Rf6 42. Rxf6+ Kxf6 43. Re1 Kg6 44. Rf1 Bf3 45. Kf2 Re6 46. Ke3 Rf6 47. Rf2 Rf7
48. Rf1 Kf5 49. Rf2 Rh7 50. Rd2 Ke6 51. Rf2 Rh5 52. Rd2 Rh8 53. Rf2 Kf5 54. Rd2
Re8 55. Bd6 Re6 56. Bc5 Kg6 57. Ba7 Re8 1/2-1/2

[Event "Elit(Limhamn-Manhem)"]
[Site "?"]
[Date "2008.02.02"]
[Round "7"]
[White "Tadjerbashi, Amir"]
[Black "Kinnmark, Ove"]
[Result "1-0"]
[WhiteElo "2259"]
[BlackElo "2274"]
[PlyCount "57"]

1. e4 d5 2. exd5 Qxd5 3. Nc3 Qd6 4. d4 a6 5. Nf3 Bg4 6. h3 Bh5 7. g4 Bg6 8. Ne5
Nc6 9. Nxg6 hxg6 10. d5 Nd8 11. Bg2 f5 12. Qf3 Qd7 13. g5 e5 14. dxe6 Qxe6+ 15.
Be3 Bd6 16. O-O-O Ne7 17. Rhe1 Kf8 18. Bf4 Qd7 19. Bxd6 cxd6 20. Qg3 Nf7 21.
Nd5 Nxd5 22. Bxd5 Rd8 23. Re6 Ne5 24. f4 Nc6 25. Rxg6 Ne7 26. Be6 Qc6 27. Rf6+
gxf6 28. gxf6 Rh7 29. Rg1 1-0

[Event "Elit(Limhamn-Manhem)"]
[Site "?"]
[Date "2008.02.02"]
[Round "7"]
[White "Moberg, Karl Johan"]
[Black "Eklund, Joel"]
[Result "1-0"]
[WhiteElo "2305"]
[BlackElo "2249"]
[PlyCount "79"]

1. d4 Nf6 2. c4 e6 3. Nf3 c5 4. d5 d6 5. Nc3 exd5 6. cxd5 g6 7. Bf4 Bg7 8. Qa4+
Bd7 9. Qb3 Qc7 10. e4 O-O 11. Nd2 Nh5 12. Be3 Na6 13. Be2 Rab8 14. O-O b5 15.
Nxb5 Bxb5 16. Bxb5 Qe7 17. Qa4 Nc7 18. Bc6 Rb4 19. Qd1 Rxb2 20. Nc4 Rbb8 21.
Rb1 a6 22. Rxb8 Rxb8 23. a4 Qxe4 24. Nxd6 Qb4 25. Qc2 Be5 26. Bxc5 Qh4 27. g3
Qh3 28. Nc4 Bf6 29. Bd6 Rc8 30. Bb7 Ne8 31. Bxc8 Qxc8 32. Qd3 Qg4 33. Bb8 Bd4
34. Ne3 Bxe3 35. Qxe3 Qxa4 36. Re1 Nef6 37. d6 Kg7 38. Ba7 Qc6 39. Qe5 Qd7 40.
Bd4 1-0